[Event "IND-ch (Women) 48th"]
[Site "Hatkanangale"]
[Date "2023.01.05"]
[Round "11"]
[White "Adiba, Ullah"]
[Black "Arya, Dabholkar"]
[Result "1/2-1/2"]
[WhiteElo "1229"]
[BlackElo "1179"]
[PlyCount "52"]
[EventDate "2022.12.26"]
[EventType "swiss"]
[EventRounds "11"]
[EventCountry "IND"]
[SourceTitle "CBM 212 Extra"]
[Source "ChessBase"]
[SourceDate "2023.03.31"]
[SourceVersion "1"]
[SourceVersionDate "2023.03.31"]
[SourceQuality "1"]

1. d4 d5 2. Nf3 Nf6 3. Bf4 c5 4. e3 Nc6 5. c3 Bf5 6. dxc5 e6 7. b4 a5 8. Bb5 Be7 9. Ne5 Rc8 10. Qa4 axb4 11. cxb4 0-0 12. Bxc6 bxc6 13. Nxc6 Rxc6 14. Qxc6 Ne4 15. Nd2 Nxd2 16. Kxd2 d4 17. Bd6 dxe3+ 18. Kxe3 Bg5+ 19. f4 Bh6 20. Rad1 Qf6 21. Be5 Qxe5+ 22. Kf2 Qb2+ 23. Ke3 Qe5+ 24. Kf2 Qb2+ 25. Kf3 Qe5 26. Kf2 Qb2+ 1/2-1/2

[Event "IND-ch (Women) 48th"]
[Site "Hatkanangale"]
[Date "2023.01.02"]
[Round "8"]
[White "Patil, Disha"]
[Black "Adiba, Ullah"]
[Result "1-0"]
[WhiteElo "1447"]
[BlackElo "1229"]
[PlyCount "103"]
[EventDate "2022.12.26"]
[EventType "swiss"]
[EventRounds "11"]
[EventCountry "IND"]
[SourceTitle "CBM 212 Extra"]
[Source "ChessBase"]
[SourceDate "2023.03.31"]
[SourceVersion "1"]
[SourceVersionDate "2023.03.31"]
[SourceQuality "1"]

1. e4 c5 2. Nf3 d6 3. d4 cxd4 4. Nxd4 Nf6 5. Nc3 a6 6. Be2 e5 7. Nb3 Be6 8. Be3 b5 9. a3 Nc6 10. 0-0 Be7 11. Nd5 Bxd5 12. exd5 Na5 13. Nxa5 Qxa5 14. b4 Qc7 15. a4 Rb8 16. axb5 axb5 17. Ra5 Qd7 18. Ra7 Qd8 19. c4 bxc4 20. Qa4+ Kf8 21. Bxc4 Ng4 22. Bd2 g5 23. h3 Nh6 24. Qd1 Nf5 25. Qf3 Nh4 26. Qh5 f6 27. Qh6+ Kf7 28. Bd3 Ng6 29. Bf5 Nf8 30. Rc1 Ra8 31. Rac7 Rb8 32. Rc8 Rxc8 33. Rxc8 Qb6 34. Be6+ Nxe6 35. dxe6+ Kxe6 36. Rxh8 Qd4 37. Bxg5 Qxb4 38. Be3 d5 39. Qxh7 d4 40. Qg8+ Kd6 41. Qb8+ Qxb8 42. Rxb8 dxe3 43. fxe3 f5 44. Kf2 Kd5 45. Rb7 Bc5 46. Kf3 Bd6 47. h4 e4+ 48. Ke2 Bg3 49. h5 f4 50. h6 fxe3 51. h7 Be5 52. Rb5+ 1-0

[Event "IND-ch (Women) 48th"]
[Site "Hatkanangale"]
[Date "2022.12.30"]
[Round "5"]
[White "Sagar, Siya"]
[Black "Adiba, Ullah"]
[Result "1-0"]
[WhiteElo "1611"]
[BlackElo "1229"]
[PlyCount "123"]
[EventDate "2022.12.26"]
[EventType "swiss"]
[EventRounds "11"]
[EventCountry "IND"]
[SourceTitle "CBM 212 Extra"]
[Source "ChessBase"]
[SourceDate "2023.03.31"]
[SourceVersion "1"]
[SourceVersionDate "2023.03.31"]
[SourceQuality "1"]

1. e4 e6 2. d4 d5 3. Nd2 Nf6 4. e5 Nfd7 5. Bd3 c5 6. c3 Nc6 7. Ne2 Qb6 8. Nf3 cxd4 9. cxd4 f6 10. exf6 Nxf6 11. 0-0 Bb4 12. a3 Bd6 13. Nc3 a6 14. Na4 Qc7 15. h3 0-0 16. Be3 b5 17. Nc3 e5 18. dxe5 Bxe5 19. Nxe5 Qxe5 20. Bc5 Rd8 21. Re1 Qc7 22. Rc1 Bb7 23. b4 d4 24. Ne4 Nxe4 25. Bxe4 Kh8 26. Qh5 g6 27. Bxg6 Qg7 28. Be4 Re8 29. Rcd1 Rad8 30. Rd3 Re5 31. Qh4 Rg8 32. Rg3 Qf7 33. Rxg8+ Kxg8 34. f4 Re8 35. Bxc6 Rxe1+ 36. Qxe1 Bxc6 37. Bxd4 Bxg2 38. Qg3+ Kf8 39. Qxg2 Qxf4 40. Qf2 Qxf2+ 41. Kxf2 Kf7 42. Kf3 Ke6 43. Ke4 h6 44. Bg7 h5 45. h4 Kd6 46. Kd4 Kc6 47. Ke5 Kb6 48. Bf6 a5 49. Bd8+ Ka6 50. Bxa5 Kb7 51. Bd8 Ka6 52. Kd5 Kb7 53. Kc5 Ka6 54. Bg5 Kb7 55. Kxb5 Ka7 56. Kc6 Ka8 57. b5 Kb8 58. Kb6 Ka8 59. Kc7 Ka7 60. b6+ Ka6 61. b7 Ka5 62. b8Q 1-0